[Event "SZCZYRK OPEN - TURNIEJ Z OKAZJI SWIETA NIEPODLEGLOSCI - BLITZ 3'+2'' "]
[Site "Szczyrk"]
[Date "2018-11-11"]
[Round "3.13"]
[White "Wilgosz, Tomasz"]
[Black "Cichon, Michal "]
[Result "0-1"]
[WhiteTitle ""]
[BlackTitle ""]
[WhiteElo "1533"]
[BlackElo "2023"]

1. e4 e5 2. Nf3 Nc6 3. Bc4 d6 4. c3 Be7 5. d4 exd4 6. cxd4 Nf6 7. Nc3 O-O 8. h3
a6 9. O-O b5 10. Bb3 Bb7 11. Re1 Na5 12. Bc2 Nc4 13. b3 Nb6 14. Bg5 c5 15. dxc5
dxc5 16. e5 Nfd7 17. Bxe7 Qxe7 18. Be4 Bxe4 19. Rxe4 Rad8 20. Qe2 Rfe8 21. Rd1
Nf8 22. Rxd8 Rxd8 23. Qe3 Ne6 24. h4 h6 25. g4 c4 26. g5 Nc5 27. e6 Nxe4 28. exf7+
Qxf7 29. Nxe4 Nd5 30. Qe2 cxb3 31. axb3 Nf4 32. Qe3 Re8 33. gxh6 Qg6+ 34. Nfg5
Nh3+ 35. Qxh3 Rxe4 36. Qc8+ Re8 37. h7+ Kh8 38. Qd7 Rf8 39. Qe7 Qf6 40. Qc5 g6
41. Ne4 Qg7 42. Qd6 Kxh7 43. Ng5+ Kh8 44. Ne6 Rf6 45. Nxg7 Rxd6 46. Ne8 Rd1+ 47.
Kg2 Rb1 48. Nf6 Rxb3 49. h5 gxh5 50. Nxh5 a5 51. Kf1 a4 52. Ke2 a3 53. Nf4 a2
54. Nd5 a1=Q 55. Ne3 Rxe3+ 56. Kxe3 b4 57. f4 Qc1+ 58. Ke4 b3 59. f5 Kg8 60. f6
Kf7 61. Ke5 Qc5+ 62. Ke4 Kxf6 0-1

[Event "SZCZYRK OPEN - TURNIEJ Z OKAZJI SWIETA NIEPODLEGLOSCI - BLITZ 3'+2'' "]
[Site "Szczyrk"]
[Date "2018-11-11"]
[Round "3.14"]
[White "Dziodzio, Angelika "]
[Black "Sulkowski, Dawid "]
[Result "1-0"]
[WhiteTitle ""]
[BlackTitle ""]
[WhiteElo "2018"]
[BlackElo "1295"]

1. c4 e5 2. Nc3 Nc6 3. g3 g6 4. Bg2 Bg7 5. e3 d6 6. Nge2 f5 7. d3 Nf6 8. O-O O-O
9. Rb1 a5 10. a3 Bd7 11. b4 axb4 12. axb4 Qe7 13. b5 Nd8 14. d4 e4 15. Nf4 c6
16. Qb3 Kh8 17. Ba3 Nf7 18. c5 d5 19. Bb4 g5 20. Nfxd5 Nxd5 21. Nxd5 Qd8 22. Nb6
Rb8 23. bxc6 Bxc6 24. d5 Bb5 25. Rfd1 Ne5 26. Bc3 Nf3+ 27. Bxf3 exf3 28. Bxg7+
Kxg7 29. Qxb5 Rf7 30. Qb2+ Kg8 31. Qe5 g4 32. Nc4 Rc8 33. d6 Qg5 34. d7 Rd8 35.
h3 gxh3 36. Kh2 h5 37. Rxb7 h4 38. Rg1 hxg3+ 39. Rxg3 1-0

[Event "SZCZYRK OPEN - TURNIEJ Z OKAZJI SWIETA NIEPODLEGLOSCI - BLITZ 3'+2'' "]
[Site "Szczyrk"]
[Date "2018-11-11"]
[Round "3.15"]
[White "Kindler, Karolina"]
[Black "Michalski, Karol "]
[Result "0-1"]
[WhiteTitle ""]
[BlackTitle ""]
[WhiteElo "1504"]
[BlackElo "2006"]

1. d4 d5 2. c4 e6 3. Nc3 c6 4. Nf3 dxc4 5. a3 b5 6. Bf4 Bb7 7. e3 Nf6 8. Qc2 Bd6
9. Bg5 h6 10. Bh4 Be7 11. a4 a6 12. Be2 Nbd7 13. O-O Nd5 14. Bxe7 Qxe7 15. Ne4
O-O 16. b3 f5 17. Ned2 c3 18. Nb1 b4 19. a5 c5 20. dxc5 Nxc5 21. Bc4 Kh8 22. Nd4
Nc7 23. Ra4 Be4 24. Qc1 Rab8 25. Rd1 e5 26. Ne2 c2 27. Rd2 cxb1=Q 28. Qxb1 Bxb1
29. Ra1 Be4 30. Rad1 Rfd8 31. Rxd8+ Rxd8 32. Rxd8+ Qxd8 0-1

[Event "SZCZYRK OPEN - TURNIEJ Z OKAZJI SWIETA NIEPODLEGLOSCI - BLITZ 3'+2'' "]
[Site "Szczyrk"]
[Date "2018-11-11"]
[Round "3.16"]
[White "Szydlowska-duda, Marta "]
[Black "Pieczewski, Szymon "]
[Result "1-0"]
[WhiteTitle ""]
[BlackTitle ""]
[WhiteElo "1986"]
[BlackElo "1495"]

1. d4 Nf6 2. Nf3 g6 3. Bf4 Bg7 4. e3 O-O 5. c4 d6 6. h3 Na6 7. Nc3 Re8 8. Be2 e5
9. dxe5 dxe5 10. Bxe5 Bf5 11. O-O Qe7 12. Bh2 Rad8 13. Qa4 Ne4 14. Nd5 Qd7 15.
Qxd7 Rxd7 16. g4 Be6 17. Nf4 b6 18. Rab1 c5 19. a3 Nd2 20. Nxd2 Rxd2 21. b4 g5
22. Nxe6 Rxe6 23. Bf3 h6 24. Bb7 cxb4 25. axb4 Ra2 26. Bd5 Re7 27. c5 bxc5 28.
Bxa2 cxb4 29. Bc4 Nc5 30. Bd6 Re4 31. Bd5 Re5 32. Bxe5 Bxe5 33. Rxb4 f6 1-0

[Event "SZCZYRK OPEN - TURNIEJ Z OKAZJI SWIETA NIEPODLEGLOSCI - BLITZ 3'+2'' "]
[Site "Szczyrk"]
[Date "2018-11-11"]
[Round "3.17"]
[White "Ochenduszko, Bartosz "]
[Black "Krol, Rafal"]
[Result "0-1"]
[WhiteTitle ""]
[BlackTitle ""]
[WhiteElo "1453"]
[BlackElo "1926"]

1. d4 Nf6 2. b3 e6 3. Bb2 d5 4. e3 c5 5. Nf3 Nc6 6. Bd3 Be7 7. O-O O-O 8. Nbd2
Nb4 9. Be2 b6 10. a3 Nc6 11. Ne5 Nxe5 12. dxe5 Nd7 13. f4 Bb7 14. Bf3 f6 15. c4
fxe5 16. fxe5 Qc7 17. Bg4 Qc6 18. Qc2 Bg5 19. e4 d4 20. Bc1 Nxe5 21. Bh3 Be3+
22. Kh1 Rae8 23. Nf3 Nxf3 24. Bxe3 dxe3 25. gxf3 Rd8 26. Rae1 Rd2 27. Qc3 Qd6
28. Bg2 Qd3 29. Qxd3 Rxd3 30. Rd1 Rfd8 31. Rde1 e5 32. Re2 Ba6 33. Rfe1 Rxb3 34.
Rxe3 Rxe3 35. Rxe3 Bxc4 36. Bh3 Kf7 37. Bf5 g6 38. Bg4 Be6 39. Kg2 Bxg4 40. fxg4
Rd4 41. Kf3 Ke6 42. Rb3 Rd2 43. h4 Rh2 44. Kg3 Rd2 45. Rb1 Rd3+ 46. Kf2 Rxa3 47.
Rh1 Ra4 48. Kf3 c4 49. h5 g5 50. Rd1 Ra3+ 51. Kf2 Rd3 52. Ra1 Rd7 53. Rc1 Rc7
54. Rc3 b5 55. Ke3 b4 56. Rc1 c3 57. Kd3 a5 58. Ra1 Rc5 59. Kc2 Kd6 60. Rf1 Kc6
61. Rf7 Kb5 62. Rb7+ Kc4 63. Rxh7 b3+ 64. Kc1 b2+ 65. Kb1 Rb5 66. Rc7+ Kb3 67.
h6 a4 68. h7 a3 69. Rxc3+ Kxc3 70. h8=Q a2+ 71. Kxa2 b1=Q+ 72. Ka3 Qb3# 0-1

[Event "SZCZYRK OPEN - TURNIEJ Z OKAZJI SWIETA NIEPODLEGLOSCI - BLITZ 3'+2'' "]
[Site "Szczyrk"]
[Date "2018-11-11"]
[Round "3.18"]
[White "Para, Tomasz "]
[Black "Kubaszewski, Piotr "]
[Result "1/2-1/2"]
[WhiteTitle ""]
[BlackTitle ""]
[WhiteElo "1896"]
[BlackElo "1278"]

1. e4 c5 2. Nf3 d6 3. d4 cxd4 4. Nxd4 Nf6 5. Nc3 g6 6. Be3 Bg7 7. f3 a6 8. Qd2
Bd7 9. O-O-O Nc6 10. g4 O-O 11. h4 Ne5 12. h5 b5 13. hxg6 fxg6 14. Bh6 Rf7 15.
Bxg7 Rxg7 16. g5 Nh5 17. Bh3 Rc8 18. Ne6 Bxe6 19. Bxe6+ Kh8 20. Bxc8 Qxc8 21.
Qe3 Rf7 22. Rdf1 Nf4 23. Kb1 Qc4 24. Nd1 Qe6 25. Qb3 Qc8 26. Ne3 e6 27. Ng4 Qc5
28. Nf6 Nc4 29. Qc3 e5 30. Nd5 Nxd5 31. exd5 Qxd5 32. Qd3 Nd2+ 33. Kc1 Qxd3 34.
cxd3 Nxf1 35. Rxf1 Rf5 36. Kd2 Kg7 37. Ke3 Kf7 38. Rh1 Kg7 39. Rg1 h6 40. gxh6+
Kxh6 41. Rh1+ Kg7 42. Rg1 Kf6 43. Rh1 Kg7 44. Rg1 Kf6 45. Rh1 Kg7 46. Rg1 1/2-1/2

[Event "SZCZYRK OPEN - TURNIEJ Z OKAZJI SWIETA NIEPODLEGLOSCI - BLITZ 3'+2'' "]
[Site "Szczyrk"]
[Date "2018-11-11"]
[Round "3.19"]
[White "Kazmierowski, Tymon"]
[Black "Marczak, Szymon"]
[Result "0-1"]
[WhiteTitle ""]
[BlackTitle ""]
[WhiteElo "1306"]
[BlackElo "1880"]

1. e4 b6 2. d4 Bb7 3. Nc3 e6 4. Bf4 Bb4 5. Bd3 Nf6 6. e5 Ne4 7. Bxe4 Bxe4 8. Nf3
O-O 9. O-O Bxc3 10. bxc3 h6 11. c4 d5 12. cxd5 Qxd5 13. Re1 Rd8 14. Be3 Bxf3 15.
Qxf3 Qxf3 16. gxf3 Nc6 17. Rad1 Rd7 18. c4 Rad8 19. Rd2 Nxd4 20. Bxd4 Rxd4 21.
Rc2 c5 22. a4 Rf4 23. Kg2 Rdd4 24. Rec1 Rd3 25. a5 Rfxf3 26. axb6 axb6 27. Ra1
Rc3 28. Rd2 Rfd3 29. Rda2 Rxc4 30. Ra8+ Kh7 31. R1a7 Kg6 32. Rb7 Rb3 33. Raa7
Rf4 0-1

[Event "SZCZYRK OPEN - TURNIEJ Z OKAZJI SWIETA NIEPODLEGLOSCI - BLITZ 3'+2'' "]
[Site "Szczyrk"]
[Date "2018-11-11"]
[Round "3.20"]
[White "Kaminski, Maciej "]
[Black "Wiszniewski, Szymon"]
[Result "1-0"]
[WhiteTitle ""]
[BlackTitle ""]
[WhiteElo "1876"]
[BlackElo "1395"]

1. d4 d5 2. Nc3 Nc6 3. e4 dxe4 4. d5 Nb4 5. a3 Na6 6. Nxe4 Bf5 7. Ng3 Bg6 8. Bb5+
c6 9. dxc6 Qxd1+ 10. Kxd1 O-O-O 11. Bd2 Nc7 12. cxb7+ Kxb7 13. Bc4 e6 14. Nf3
Bc5 15. Ke2 Bxc2 16. Rac1 Bg6 17. Ne5 Bxf2 18. Nxg6 hxg6 19. Ne4 Bd4 20. Bc3 Bxc3
21. Rxc3 Nf6 22. Nc5+ Kb6 23. Na4+ Kb7 24. Nc5+ Kb6 25. b4 Ncd5 26. Rc2 Rh5 27.
a4 Re5+ 28. Kf2 Ng4+ 29. Kg3 Nge3 30. a5+ Kc6 31. Bxd5+ Kxd5 32. Rd2+ Kc6 33.
Rxd8 Nf5+ 34. Kf2 Kb5 35. Rb8+ Kc4 36. Rc1+ Kd4 37. Rd8+ Rd5 38. Rxd5+ exd5 39.
b5 Nd6 40. b6 axb6 41. axb6 Ke5 42. b7 Nxb7 43. Nxb7 d4 44. Nc5 d3 45. Nxd3+ Ke4
46. Nc5+ Kf4 47. g3+ Kg4 48. Kg2 f5 49. h3+ Kh5 50. Kf3 g5 51. g4+ Kh4 52. gxf5
g6 53. fxg6 Kh5 54. g7 Kh6 55. g8=Q g4+ 56. Qxg4 Kh7 57. Kf4 Kh6 58. Kf5 Kh7 59.
Kf6 Kh8 60. Qg7# 1-0

[Event "SZCZYRK OPEN - TURNIEJ Z OKAZJI SWIETA NIEPODLEGLOSCI - BLITZ 3'+2'' "]
[Site "Szczyrk"]
[Date "2018-11-11"]
[Round "3.21"]
[White "Krasniewski, Szymon"]
[Black "Ulrych, Wojciech "]
[Result "1/2-1/2"]
[WhiteTitle ""]
[BlackTitle ""]
[WhiteElo "1293"]
[BlackElo "1867"]

1. e4 e6 2. d4 d5 3. Nc3 Nf6 4. e5 Nfd7 5. Nce2 c5 6. c3 Nc6 7. Nf3 Qb6 8. Ng3
cxd4 9. cxd4 Bb4+ 10. Bd2 Nxd4 11. Nxd4 Qxd4 12. Bxb4 Qxb4+ 13. Qd2 Qxd2+ 14.
Kxd2 Nxe5 15. Bb5+ Bd7 16. Bxd7+ Kxd7 17. b3 Rac8 18. Rac1 Rxc1 19. Rxc1 Rc8 20.
Re1 Ng6 21. Ne2 e5 22. g3 f5 23. Nc3 Ke6 24. a4 a6 25. h4 e4 26. Ne2 Ke5 27. Nc1
d4 28. Nd3+ Kd6 29. Nb2 b5 30. axb5 axb5 31. Ra1 d3 32. Ra6+ Kd5 33. Nd1 Rc2+
34. Ke1 Re2+ 35. Kf1 f4 36. Nc3+ Kd4 37. Nxe2+ dxe2+ 38. Kxe2 Kc3 39. Rb6 b4 40.
h5 fxg3 41. hxg6 g2 42. gxh7 g1=Q 43. h8=Q Qg4+ 44. Kf1 1/2-1/2

[Event "SZCZYRK OPEN - TURNIEJ Z OKAZJI SWIETA NIEPODLEGLOSCI - BLITZ 3'+2'' "]
[Site "Szczyrk"]
[Date "2018-11-11"]
[Round "3.22"]
[White "Foltyn, Lukasz "]
[Black "Wilgosz, Jan "]
[Result "1-0"]
[WhiteTitle ""]
[BlackTitle ""]
[WhiteElo "1854"]
[BlackElo "1242"]

1. e4 e5 2. Nf3 Nc6 3. Bc4 Nf6 4. d3 Bc5 5. c3 d6 6. h3 h6 7. Bb3 Be6 8. Nbd2 a5
9. O-O O-O 10. Re1 Bxb3 11. Nxb3 Bb6 12. a4 Ne7 13. d4 Ng6 14. Bd2 Re8 15. dxe5
dxe5 16. Qc2 Nh5 17. Be3 Nhf4 18. Rad1 Qc8 19. Bxb6 cxb6 20. Nh2 Nxh3+ 21. gxh3
Qxh3 22. Qd3 Qe6 23. Nc1 Nf4 24. Qf3 Nh3+ 25. Kf1 Ng5 26. Qg4 Qg6 27. Nd3 Re6
28. Re3 Rae8 29. Ke2 Rf6 30. Nf3 Qh7 31. Nxg5 hxg5 32. Qxg5 Rg6 33. Qf5 Ree6 34.
Nxe5 Ref6 35. Qc8# 1-0

[Event "SZCZYRK OPEN - TURNIEJ Z OKAZJI SWIETA NIEPODLEGLOSCI - BLITZ 3'+2'' "]
[Site "Szczyrk"]
[Date "2018-11-11"]
[Round "3.23"]
[White "Jozefczyk, Szymon"]
[Black "Lesniak, Grzegorz"]
[Result "1-0"]
[WhiteTitle ""]
[BlackTitle ""]
[WhiteElo "1274"]
[BlackElo "1849"]

1. d4 d5 2. Nc3 e6 3. Bf4 c6 4. e3 f5 5. f3 Nf6 6. Bd3 Bd6 7. Nge2 O-O 8. Qd2 a5
9. O-O-O b5 10. Bxd6 Qxd6 11. Nf4 a4 12. Rdg1 b4 13. Nb1 b3 14. a3 c5 15. dxc5
Qxc5 16. c3 Nc6 17. g4 e5 18. Ne2 d4 19. exd4 exd4 20. gxf5 Ba6 21. Qg5 Qe7 22.
Bxa6 Rxa6 23. Re1 Qe3+ 24. Qxe3 dxe3 25. Nf4 Ne5 26. Rxe3 Nc4 27. Re7 Nd6 28.
Ne6 Nxf5 29. Nc5 Nxe7 30. Nxa6 Nfd5 31. Nd2 Nf5 32. Nc5 Nf4 33. Nxa4 Ne3 34. Ne4
1-0

[Event "SZCZYRK OPEN - TURNIEJ Z OKAZJI SWIETA NIEPODLEGLOSCI - BLITZ 3'+2'' "]
[Site "Szczyrk"]
[Date "2018-11-11"]
[Round "3.25"]
[White "Rylski, Tadeusz"]
[Black "Jagodzinski, Mariusz "]
[Result "0-1"]
[WhiteTitle ""]
[BlackTitle ""]
[WhiteElo "1098"]
[BlackElo "1797"]

1. d4 d5 2. c4 e6 3. Nc3 f5 4. Bf4 c6 5. e3 Nf6 6. Nf3 Be7 7. c5 O-O 8. Bd3 Ne4
9. Ne5 b6 10. cxb6 axb6 11. Nxe4 fxe4 12. Be2 Bb4+ 13. Kf1 Bb7 14. a3 Be7 15.
b4 Nd7 16. b5 c5 17. Nc6 Qe8 18. Bh5 g6 19. Qg4 Bf6 20. Bd6 Rf7 21. Bxg6 hxg6
22. Ke1 Rg7 23. Qxg6 Qxg6 24. Kf1 0-1

[Event "SZCZYRK OPEN - TURNIEJ Z OKAZJI SWIETA NIEPODLEGLOSCI - BLITZ 3'+2'' "]
[Site "Szczyrk"]
[Date "2018-11-11"]
[Round "3.26"]
[White "Lewicka, Joanna"]
[Black "Galuszka, Tomasz "]
[Result "0-1"]
[WhiteTitle ""]
[BlackTitle ""]
[WhiteElo "1260"]
[BlackElo "1787"]

1. e4 c6 2. d4 d5 3. exd5 cxd5 4. Bd3 Nc6 5. Ne2 Nf6 6. O-O g6 7. Bg5 Bg7 8. Nbc3
Bf5 9. Bxf5 gxf5 10. Qd3 e6 11. Qg3 h6 12. Be3 Rg8 13. Qh4 Qe7 14. Bxh6 Rh8 15.
Qg3 Bxh6 16. Nb5 Ne4 17. Qc7 a6 18. Qxe7+ Kxe7 19. Nbc3 Rag8 20. Nxe4 fxe4 21.
Ng3 Nxd4 22. c3 Nc6 23. b4 f5 24. Nh5 Bg5 25. Rae1 0-1

[Event "SZCZYRK OPEN - TURNIEJ Z OKAZJI SWIETA NIEPODLEGLOSCI - BLITZ 3'+2'' "]
[Site "Szczyrk"]
[Date "2018-11-11"]
[Round "3.27"]
[White "Zaborski, Igor "]
[Black "Temel, Jan "]
[Result "1-0"]
[WhiteTitle ""]
[BlackTitle ""]
[WhiteElo "1255"]
[BlackElo "1762"]

1. d4 f5 2. c4 Nf6 3. Nf3 g6 4. Nc3 Bg7 5. g3 O-O 6. Bg2 d6 7. O-O c6 8. Bg5 Ne4
9. Bf4 Nd7 10. Qc2 e5 11. dxe5 dxe5 12. Bc1 Nxc3 13. bxc3 Qa5 14. Ng5 Nb6 15.
e4 Nxc4 16. Rd1 h6 17. Nh3 Qc5 18. exf5 Bxf5 19. Qe2 Rae8 20. Bf1 b5 21. Be3 Nxe3
22. Qxe3 Qxe3 23. fxe3 e4 24. Rac1 Rd8 25. Nf4 g5 26. Ne2 Rd3 27. Rxd3 exd3 28.
Nd4 Rf6 29. Nxf5 Rxf5 30. Bxd3 Rf3 31. Re1 Bxc3 32. Re2 a6 33. Be4 Rf6 34. Rc2
b4 35. a3 c5 36. axb4 cxb4 37. Kg2 Kg7 38. Bf3 a5 39. Kf2 a4 40. e4 a3 41. Ke3
Bb2 42. Rc8 a2 43. Ra8 b3 44. Ra7+ Rf7 45. Ra6 Rc7 46. Kd3 Rc3+ 47. Ke2 Rc2+ 48.
Kd3 Rxh2 49. Kc4 a1=Q 50. Rxa1 1-0

[Event "SZCZYRK OPEN - TURNIEJ Z OKAZJI SWIETA NIEPODLEGLOSCI - BLITZ 3'+2'' "]
[Site "Szczyrk"]
[Date "2018-11-11"]
[Round "3.28"]
[White "Lokaj, Bartlomiej"]
[Black "Fic, Wieslaw "]
[Result "1-0"]
[WhiteTitle ""]
[BlackTitle ""]
[WhiteElo "1252"]
[BlackElo "1759"]

1. e4 c5 2. c3 Nf6 3. e5 Nd5 4. d4 Nc6 5. Nf3 cxd4 6. cxd4 d6 7. Bc4 Nb6 8. Bb5
dxe5 9. Nxe5 Bd7 10. Nxd7 Qxd7 11. Be3 e6 12. Nc3 Bb4 13. O-O O-O 14. Ne2 Nd5
15. a3 Be7 16. Rc1 Rac8 17. Qa4 a6 18. Bxc6 Rxc6 19. b4 b5 20. Qb3 Rfc8 21. Qb2
Rxc1 22. Rxc1 Rxc1+ 23. Qxc1 Qc7 24. Qxc7 Nxc7 25. Nc3 Bf6 26. Kf1 Kf8 27. Ke2
Ke7 28. Kd3 Kd6 29. Ne4+ Kd5 30. Nxf6+ gxf6 31. Bc1 Ne8 32. Bf4 f5 33. Be5 f6
34. Bb8 e5 35. dxe5 fxe5 36. f3 Nd6 37. Bxd6 Kxd6 38. g3 Kd5 39. h3 h5 40. g4
fxg4 41. fxg4 hxg4 42. hxg4 e4+ 43. Ke3 Ke5 44. g5 Kf5 45. g6 Kxg6 46. Kxe4 Kf6
47. Kd5 Kf5 48. Kc6 Ke4 49. Kb6 Kd5 50. Kxa6 Kc4 51. Ka5 Kd5 1-0

[Event "SZCZYRK OPEN - TURNIEJ Z OKAZJI SWIETA NIEPODLEGLOSCI - BLITZ 3'+2'' "]
[Site "Szczyrk"]
[Date "2018-11-11"]
[Round "3.29"]
[White "Hasinski, Krystian "]
[Black "Majdanski, Maksymilian "]
[Result "1-0"]
[WhiteTitle ""]
[BlackTitle ""]
[WhiteElo "1742"]
[BlackElo "1393"]

1. d4 Nf6 2. c4 c5 3. d5 b5 4. cxb5 a6 5. bxa6 g6 6. Nc3 Bg7 7. e4 Bxa6 8. Bxa6
Nxa6 9. Nf3 d6 10. O-O O-O 11. Bg5 Qb6 12. b3 h6 13. Be3 Ng4 14. Rc1 Nxe3 15.
fxe3 Nb4 16. Na4 Qa7 17. Qe2 Rfb8 18. Rc4 Qb7 19. Kh1 e6 20. dxe6 fxe6 21. e5
dxe5 22. Rxc5 Qe7 23. Rfc1 e4 24. Ne1 Ra7 25. R5c4 Qb7 26. Qd2 Be5 27. h3 Bg3
28. Qd4 Bxe1 29. Rxe1 Nd3 30. Rf1 Rf8 31. Rxf8+ Kxf8 32. Qf6+ Qf7 33. Rc8# 1-0

[Event "SZCZYRK OPEN - TURNIEJ Z OKAZJI SWIETA NIEPODLEGLOSCI - BLITZ 3'+2'' "]
[Site "Szczyrk"]
[Date "2018-11-11"]
[Round "3.30"]
[White "Kania, Pawel "]
[Black "Pisarek, Jan "]
[Result "0-1"]
[WhiteTitle ""]
[BlackTitle ""]
[WhiteElo "1644"]
[BlackElo "1256"]

1. e4 c5 2. Nc3 g6 3. f4 Bg7 4. Nf3 Nc6 5. Bb5 e6 6. Bxc6 bxc6 7. O-O d5 8. d3
Ne7 9. Qe1 Ba6 10. Rb1 c4 11. dxc4 Bxc4 12. Rf2 O-O 13. b3 Ba6 14. e5 c5 15. Na4
c4 16. Nc5 Qc8 17. Nxa6 Qxa6 18. a4 Rab8 19. Ba3 Rfe8 20. Qe3 Nc6 21. Qc5 cxb3
22. Rxb3 Rxb3 23. cxb3 Bf8 24. Qb5 Qxb5 25. axb5 Bxa3 26. Ra2 Bc5+ 27. Kf1 Nd4
28. Ne1 Rb8 29. Nd3 Bb6 30. Nb4 Rc8 0-1

[Event "SZCZYRK OPEN - TURNIEJ Z OKAZJI SWIETA NIEPODLEGLOSCI - BLITZ 3'+2'' "]
[Site "Szczyrk"]
[Date "2018-11-11"]
[Round "3.31"]
[White "Drozdzal, Michal "]
[Black "Zielinski, Marcin"]
[Result "0-1"]
[WhiteTitle ""]
[BlackTitle ""]
[WhiteElo "1375"]
[BlackElo "1576"]

1. e4 c6 2. c4 d5 3. cxd5 cxd5 4. exd5 Nf6 5. Qa4+ Nbd7 6. Nc3 g6 7. Nf3 Bg7 8.
Bb5 a6 9. Bxd7+ Bxd7 10. Qb3 b5 11. O-O O-O 12. d4 Rc8 13. Bg5 Bf5 14. Ne5 Ne4
15. Nxe4 Bxe4 16. Nc6 Bxd5 17. Nxe7+ Kh8 18. Qxd5 Qxd5 19. Nxd5 Bxd4 20. Bf6+
Bxf6 21. Nxf6 Rc2 22. b3 Rd8 23. Rfc1 Rcd2 24. Kf1 Kg7 25. Ne4 Rb2 26. Nc5 Rdd2
27. Ne4 Re2 28. Re1 Rec2 29. g3 f5 30. Nd6 Rxf2+ 31. Kg1 Rg2+ 32. Kf1 Rbf2# 0-1

[Event "SZCZYRK OPEN - TURNIEJ Z OKAZJI SWIETA NIEPODLEGLOSCI - BLITZ 3'+2'' "]
[Site "Szczyrk"]
[Date "2018-11-11"]
[Round "3.32"]
[White "Zamarska, Sylwia "]
[Black "Krzywicki, Michal"]
[Result "1-0"]
[WhiteTitle ""]
[BlackTitle ""]
[WhiteElo "1552"]
[BlackElo "1306"]

1. d4 Nf6 2. Nf3 g6 3. c4 Bg7 4. Nc3 O-O 5. e4 d6 6. Be2 e5 7. dxe5 dxe5 8. Qxd8
Rxd8 9. Bg5 Nc6 10. Nd5 Rd6 11. Bxf6 Bxf6 12. Nxc7 Rb8 13. Nd5 Bg7 14. O-O Be6
15. Rfd1 Bxd5 16. cxd5 Nd4 17. Nxd4 exd4 18. Rac1 Be5 19. Bd3 Rdd8 20. Rc2 Kf8
21. Rdc1 Ke7 22. g3 Rd7 23. f4 Bg7 24. Rc5 Kd8 25. e5 Bf8 26. d6 b6 27. Rc7 Rb7
28. Rc8# 1-0

[Event "SZCZYRK OPEN - TURNIEJ Z OKAZJI SWIETA NIEPODLEGLOSCI - BLITZ 3'+2'' "]
[Site "Szczyrk"]
[Date "2018-11-11"]
[Round "3.33"]
[White "Retz, Adrian "]
[Black "Bochenek, Ryszard"]
[Result "1-0"]
[WhiteTitle ""]
[BlackTitle ""]
[WhiteElo "1547"]
[BlackElo "1252"]

1. e4 e6 2. d3 d5 3. Nd2 dxe4 4. Nxe4 Bd7 5. g3 Bc6 6. Bg2 Nd7 7. Nf3 Ngf6 8. Nd4
Nxe4 9. dxe4 Bc5 10. Nxc6 bxc6 11. O-O O-O 12. Qg4 Nf6 13. Qg5 h6 14. Qxc5 Qd7
15. e5 Nd5 16. c4 Ne7 17. Be3 Rfd8 18. Rad1 Qe8 19. Rd2 Rxd2 20. Bxd2 Rb8 21.
Bc3 Rd8 22. Bb4 Rd7 23. Bxc6 Nxc6 24. Qxc6 Qd8 25. Qe4 Rd4 26. Qc2 Qc8 27. Bc5
Rd7 28. Rd1 a6 29. Qa4 Rxd1+ 30. Qxd1 c6 31. Qd6 Kh7 32. Be3 Qb7 33. Qd4 Qc8 34.
f3 Kg8 35. Qg4 Kh7 36. Qf4 Qb7 37. b3 Qb4 38. Qe4+ Kg8 39. Kg2 Qb7 40. f4 Qd7
41. Qd4 Qb7 42. Qc5 Kh7 43. Qb6 Qa8 44. Qc7 c5+ 45. Kh3 Qf3 46. Qxf7 Qxe3 47.
Qxe6 Qe2 48. Qf5+ 1-0

[Event "SZCZYRK OPEN - TURNIEJ Z OKAZJI SWIETA NIEPODLEGLOSCI - BLITZ 3'+2'' "]
[Site "Szczyrk"]
[Date "2018-11-11"]
[Round "3.34"]
[White "Ochalik, Filip "]
[Black "Seredyn, Dominik "]
[Result "0-1"]
[WhiteTitle ""]
[BlackTitle ""]
[WhiteElo "1247"]
[BlackElo "1528"]

1. d4 d5 2. c4 e6 3. Nc3 Nf6 4. Bg5 Be7 5. cxd5 exd5 6. Nf3 O-O 7. e3 h6 8. Bxf6
Bxf6 9. Bd3 c6 10. O-O Nd7 11. Rc1 Re8 12. Re1 Nf8 13. Qc2 Ne6 14. Ne2 Qd6 15.
Bf5 Ng5 16. Nxg5 hxg5 17. Bxc8 Raxc8 18. Qc5 Qxc5 19. Rxc5 b6 20. Rc2 c5 21. Rec1
c4 22. b3 b5 23. bxc4 dxc4 24. Nc3 a6 25. Ne4 Rxe4 26. Kf1 Re7 27. Rb2 c3 28.
Rbc2 Rec7 29. a3 a5 30. Ke2 b4 31. axb4 axb4 32. Kd3 Kf8 33. Rb1 Rc4 34. Rb3 Ke7
35. f3 Kd6 36. g3 g6 37. f4 gxf4 38. gxf4 Be7 39. e4 Ke6 40. d5+ Kd6 41. h3 Kc5
42. Ra2 Rd4+ 43. Ke3 Kc4 44. Rb1 Bc5 45. Kf3 Rd3+ 46. Kg4 b3 47. Rg2 c2 48. Rc1
Rd1 49. Rgxc2+ bxc2 50. Rxc2+ Kd4 51. Ra2 Kxe4 52. Ra4+ Kxd5 53. f5 Rd4+ 54. Rxd4+
Bxd4 55. Kg5 gxf5 56. Kxf5 f6 57. h4 Rh8 58. h5 Rxh5+ 59. Kg4 Rg5+ 60. Kf3 Ke5
61. Ke2 Ke4 62. Kd2 Rg2+ 63. Kc1 Kd3 64. Kb1 Kc3 65. Ka1 Kb3+ 66. Kb1 Rg1# 0-1

[Event "SZCZYRK OPEN - TURNIEJ Z OKAZJI SWIETA NIEPODLEGLOSCI - BLITZ 3'+2'' "]
[Site "Szczyrk"]
[Date "2018-11-11"]
[Round "3.35"]
[White "Orzechowski, Michal"]
[Black "Cwiklinski, Jacek"]
[Result "1-0"]
[WhiteTitle ""]
[BlackTitle ""]
[WhiteElo "1519"]
[BlackElo "1245"]

1. d4 d6 2. c4 g6 3. Nc3 Bg7 4. Nf3 Nf6 5. e4 Bg4 6. Be2 O-O 7. O-O e5 8. dxe5
Bxf3 9. exf6 Bxe2 10. Qxe2 Qxf6 11. Nd5 Qd8 12. Rb1 c6 13. Nc3 Na6 14. Bf4 Bxc3
15. bxc3 Qf6 16. Qd2 Nc5 17. Qxd6 Qxd6 18. Bxd6 Nxe4 19. Bxf8 Nd2 20. Bh6 Nxb1
21. Rxb1 b6 22. c5 b5 23. Rd1 Re8 24. Kf1 Rc8 25. Rd7 a5 26. a4 f5 27. axb5 cxb5
28. Rg7+ Kh8 29. Rb7 Kg8 30. Rxb5 Kf7 31. Rxa5 Rc7 32. Ke2 Ke6 33. Kd3 Kd5 34.
Be3 Rd7 35. c4+ Kc6+ 36. Kc3 Rb7 37. Ra6+ Kc7 38. Bf4+ Kd8 39. c6 Rf7 40. Ra8+
Ke7 41. Ra7+ Ke6 42. Rxf7 Kxf7 43. c7 Ke7 44. c8=Q Kf7 45. Qd7+ Kf6 46. h4 h6
47. Bxh6 1-0

[Event "SZCZYRK OPEN - TURNIEJ Z OKAZJI SWIETA NIEPODLEGLOSCI - BLITZ 3'+2'' "]
[Site "Szczyrk"]
[Date "2018-11-11"]
[Round "3.36"]
[White "Kotowicz, Kamil"]
[Black "Majdecki, Robert "]
[Result "1/2-1/2"]
[WhiteTitle ""]
[BlackTitle ""]
[WhiteElo "1243"]
[BlackElo "1508"]

1. d4 d5 2. Nf3 Nf6 3. Bf4 g6 4. e3 Bg7 5. Bd3 Nc6 6. c3 O-O 7. Nbd2 Bg4 8. h3
Bxf3 9. Qxf3 e6 10. O-O a6 11. e4 dxe4 12. Nxe4 Nxe4 13. Bxe4 Ne7 14. Bxb7 Rb8
15. Rab1 a5 16. Bc6 Rb6 17. Be4 f5 18. Bc2 Nd5 19. Rfe1 Nxf4 20. Qxf4 Qd6 21.
Qxd6 cxd6 22. Bb3 d5 23. Re2 Re8 24. Rbe1 Rd6 25. Ba4 Re7 26. Bb5 Kf8 27. a4 h5
28. f4 Bf6 29. g3 g5 30. fxg5 Bxg5 31. Rc2 Rg7 32. Kh2 h4 33. gxh4 Bxh4 34. Rf1
Bg3+ 35. Kh1 Ke7 36. Rg2 Kf6 37. Rf3 Bh4 38. Rxg7 Kxg7 39. Kg2 Kf6 40. Rd3 f4
41. Kf3 Bg3 42. c4 dxc4 43. Bxc4 Rb6 44. b3 Rd6 45. d5 exd5 46. Rxd5 Rxd5 47.
Bxd5 Ke5 48. Bb7 Be1 49. Bc8 Bd2 50. Bg4 Kd4 51. Be6 Ke5 52. Bc4 Kf5 53. Bd3+
Kg5 54. Bf1 Kf5 55. Bc4 Kg5 56. Bb5 Kf5 57. Bd7+ Kg5 58. Ke4 Kf6 59. Bg4 Ke7 60.
h4 Kf6 61. Kf3 Kg6 62. Bd7 Kf6 63. Be8 Ke7 64. Bg6 Kf6 65. h5 Kg5 66. Be8 Kh6
67. Bg6 Kg5 68. Bd3 Kxh5 69. Bc4 Kg5 70. Bd5 Kf5 71. Bc4 Ke5 72. Bf7 Kd4 73. Bc4
1/2-1/2

[Event "SZCZYRK OPEN - TURNIEJ Z OKAZJI SWIETA NIEPODLEGLOSCI - BLITZ 3'+2'' "]
[Site "Szczyrk"]
[Date "2018-11-11"]
[Round "3.37"]
[White "Wozniak, Mateusz "]
[Black "Sowierszenko, Tomasz "]
[Result "1-0"]
[WhiteTitle ""]
[BlackTitle ""]
[WhiteElo "1106"]
[BlackElo "1503"]

1. d4 d5 2. c4 e6 3. Nc3 Nf6 4. Bg5 Be7 5. e3 h6 6. Bh4 O-O 7. cxd5 Nxd5 8. Bxe7
Qxe7 9. Nxd5 exd5 10. Bd3 Qb4+ 11. Qd2 Qxb2 12. Qxb2 c6 13. Nf3 Nd7 14. O-O Nf6
15. Qc2 Bg4 16. h3 Bh5 17. g4 Bg6 18. Bxg6 fxg6 19. Qxg6 Ne4 20. Rab1 Rxf3 21.
Rxb7 1-0

[Event "SZCZYRK OPEN - TURNIEJ Z OKAZJI SWIETA NIEPODLEGLOSCI - BLITZ 3'+2'' "]
[Site "Szczyrk"]
[Date "2018-11-11"]
[Round "3.38"]
[White "Werner, Kacper "]
[Black "Kietrys, Maciej"]
[Result "0-1"]
[WhiteTitle ""]
[BlackTitle ""]
[WhiteElo "1240"]
[BlackElo "1492"]

1. e4 g6 2. d4 Bg7 3. Nf3 d6 4. c4 Bg4 5. Be2 Nc6 6. Be3 Bxf3 7. Bxf3 e5 8. d5
Nce7 9. Nc3 f5 10. b4 f4 11. Bd2 b6 12. Qa4+ Qd7 13. Qxd7+ Kxd7 14. a4 Nf6 15.
Ke2 g5 16. g3 g4 17. gxf4 gxf3+ 18. Kxf3 exf4 19. Bxf4 Ng6 20. Bd2 Rhf8 21. Ke2
Rae8 22. Kd3 Ne5+ 23. Kd4 Nf3+ 24. Kd3 Nxd2 25. Kxd2 Nxe4+ 26. Nxe4 Bxa1 27. Rxa1
Rxe4 28. Kd3 Ref4 0-1